Valparaíso, Chile... donde vive la imaginación
Saved in:
| Format: | Book |
|---|---|
| Language: | Spanish French English |
| Published: |
Valparaíso, Chile
I. Municipalidad de Valparaíso
2003
Valparaíso, Chile Gobierno de Chile 2003 Valparaíso, Chile Consejo de Monumentos Nacionales 2003 |
| Subjects: | |
| Tags: |
Add Tag
No Tags, Be the first to tag this record!
|
MARC
| LEADER | 00000nam a2200000 a 4500 | ||
|---|---|---|---|
| 001 | UCL6392 | ||
| 003 | CL-VaPUC | ||
| 005 | 20250221124000.0 | ||
| 008 | 040402e20030000cl |||||||||||||||||spa|d | ||
| 651 | 0 | |a Valparaíso, Chile |z CHILE |9 261144 | |
| 999 | |c 308503 |d 308501 | ||
| 020 | |a 9567953104 | ||
| 040 | |c Pontificia Universidad Católica de Valparaíso | ||
| 041 | 0 | 7 | |a spa |2 CL-VaPUC |
| 041 | 0 | 7 | |a fre |2 CL-VaPUC |
| 041 | 0 | 7 | |a eng |2 CL-VaPUC |
| 082 | 0 | 4 | |a 983.255 VAL 2003 |2 21 |
| 245 | 1 | 0 | |a Valparaíso, Chile... donde vive la imaginación |
| 246 | 1 | 0 | |a Valparaiso, Chile, where imagination is alive and thriving |
| 260 | |a Valparaíso, Chile |b I. Municipalidad de Valparaíso |c 2003 | ||
| 260 | |a Valparaíso, Chile |b Gobierno de Chile |c 2003 | ||
| 260 | |a Valparaíso, Chile |b Consejo de Monumentos Nacionales |c 2003 | ||
| 300 | |a 76 páginas | ||
| 583 | |a last modification |c 20171017 03:29:45 |k Rodrigo Vera | ||
| 650 | 0 | |a Patrimonio cultural |z VALPARAISO |z CHILE |9 309364 | |
| 650 | 0 | |a Ciudades |z VALPARAISO |9 265474 | |
| 650 | 0 | |a Historia de Valparaíso |z CHILE |9 460237 | |
| 852 | |a BIBCUR | ||
| 942 | |c BK |2 ddc | ||
| 945 | |d 20040402 00:00:00 |a cmena | ||
| 952 | |0 0 |1 0 |2 ddc |4 0 |6 983_255000000000000_VAL_2003_2003_2003 |7 0 |8 X |9 375075 |a BIBHIS |b BIBHIS |d 2019-11-21 |i 3925587 |o 983.255 VAL 2003 2003 2003 |p 3925587 |r 2024-01-30 |t 1 |w 2019-11-21 |y BK_X |k HIS | ||